书目信息 |
| 题名: |
越窑制瓷史
|
|
| 作者: | 魏建钢 著 | |
| 分册: | ||
| 出版信息: | 北京 中国社会科学出版社 2015 |
|
| 页数: | 385页 | |
| 开本: | 24cm | |
| 丛书名: | 越文化研究丛书 | |
| 单 册: | ||
| 中图分类: | K876.34 | |
| 科图分类: | ||
| 主题词: | 越窑--Yue Yao--瓷器(考古)--研究 | |
| 电子资源: | ||
| ISBN: | 978-7-5161-6866-0 | |
| 000 | 00963nam0 22002651 450 | |
| 001 | 350914 | |
| 005 | 20161013164548.73 | |
| 010 | @a978-7-5161-6866-0@dCNY88.00 | |
| 100 | @a20160105d2015 em y0chiy50 ea | |
| 101 | 0 | @achi |
| 102 | @aCN@b110000 | |
| 105 | @aa z 000yy | |
| 106 | @ar | |
| 200 | 1 | @a越窑制瓷史@AYue Yao Zhi Ci Shi@f魏建钢著 |
| 210 | @a北京@c中国社会科学出版社@d2015 | |
| 215 | @a385页@c图@d24cm | |
| 225 | 2 | @a越文化研究丛书@AYue Wen Hua Yan Jiu Cong Shu |
| 300 | @a浙江省哲学社会科学规划重点研究基地课题成果 | |
| 330 | @a本书详细介绍了越窑制瓷的发展,包括烧制工具的改进、制瓷技术的创新和青瓷产品的更新等方面,同时对影响和制约越窑制瓷业的当地风俗习惯和社会意识形态的发展等因素进行了深入的分析和研究。 | |
| 461 | 0 | @12001 @a越文化研究丛书 |
| 606 | 0 | @a越窑@AYue Yao@x瓷器(考古)@x研究 |
| 690 | @aK876.34@v5 | |
| 701 | 0 | @a魏建钢@AWei Jian Gang@f(1963~)@4著 |
| 801 | 0 | @aCN@bTANGWEI@c20160808 |
| 905 | @b0892371-4@dK876.34@e310@f4 | |
| 越窑制瓷史/魏建钢著.-北京:中国社会科学出版社,2015 |
| 385页:图;24cm.-(越文化研究丛书) |
| 浙江省哲学社会科学规划重点研究基地课题成果 |
| ISBN 978-7-5161-6866-0:CNY88.00 |
| 本书详细介绍了越窑制瓷的发展,包括烧制工具的改进、制瓷技术的创新和青瓷产品的更新等方面,同时对影响和制约越窑制瓷业的当地风俗习惯和社会意识形态的发展等因素进行了深入的分析和研究。 |
| ● |
| 相关链接 |
|
|
|
|
正题名:越窑制瓷史
索取号:K876.34/310
 
预约/预借
| 序号 | 登录号 | 条形码 | 馆藏地/架位号 | 状态 | 备注 |
| 1 | 0892371 | 208923717 | 第二样本阅览室/ [索取号:K876.34/310] | 在馆 | |
| 2 | 0892372 | 208923726 | 第二借阅区/ [索取号:K876.34/310] | 在馆 | |
| 3 | 0892373 | 208923735 | 第二借阅区/ [索取号:K876.34/310] | 在馆 | |
| 4 | 0892374 | 208923744 | 第二借阅区/ [索取号:K876.34/310] | 在馆 |